000 00793nam a2200253Ia 4500
003 OSt
005 20221005092122.0
006 a|||||r|||| 00| 0
007 ta
008 221004b |||||||| |||| 00| 0 eng d
020 _a9780415819053 (hbk)
_c7984.05
024 _a17375
037 _bCBS/398, 27/03/2015, Classic Book Service
_cTextual
040 _aCRL
_cCRL
_beng
041 _2eng
_aeng
082 _aT:3(P), Q5
100 _aStroud Christopher Ed.
_9616905
245 0 _aLanguage, literacy and diversity
_b Moving words
260 _aNew York
_bRoutledge and Taylor USA
_c2015
300 _axv,224p.
_ccm.
650 _aEDUCATION
942 _hT:3(P), Q5
_cTEXL
_2cc
999 _c998373
_d998373